Countries closest to Qatar - Statistics

General Stats
  • This quiz has been taken 26 times
  • The average score is 9 of 10
Answer Stats
Hint Answer % Correct
Asia Iran
100%
Asia Iraq
100%
Asia Oman
100%
Asia Saudi Arabia
100%
Asia Yemen
100%
Asia Bahrain
96%
Asia Kuwait
92%
Asia United Arab Emirates
88%
Asia Afghanistan
76%
Asia Pakistan
72%
No matching quizzes found
Score Distribution
Percent of People with Each Score
Percentile by Number Answered
Your Score History
You have not taken this quiz